000 00851nam a2200217 a 4500
005 20250221063802.0
008 141007s2013 mx r 000 0 spa d
020 _a9786077881124
035 _aUPN01000200048
049 _aCG
050 4 _aLC214
_bA9.3
100 1 _aAuces Flores, María del Rosario
_936503
245 1 0 _aFormación docente e inclusión educativa en el medio rural :
_bestudio de caso desde la narrativa de los sujetos /
_cMaría del Rosario Auces Flores.
260 _bMéxico :
_bBenemérita y Centenaria Escuela Normal del Estado de San Luis Potosí :
_bRed de Investigadores Educativos de San Luis Potosí,
_c2013.
300 _a68 p.
440 0 _aInvestigadores y maestros
650 4 _aIntegración escolar
_9306
650 4 _aMaestros
_xFormación profesional
_9804
650 4 _aEducación rural
_99764
905 _aLibro
999 _c172149
_d172149